4th international congress on metallocenes polymers : 15-16 May 1997 Singapore.
Guardado en:
| Autor Corporativo: | |
|---|---|
| Formato: | Libro |
| Idioma: | English |
| Publicado: |
Skillman, NJ :
Schotland Business Research,
1997.
|
| Materias: | |
| Etiquetas: |
Agregar Etiqueta
Sin Etiquetas, Sea el primero en etiquetar este registro!
|
| LEADER | 00794nam a22001935a 4500 | ||
|---|---|---|---|
| 001 | EIQ.libpla003547 | ||
| 008 | 080212s1997####njua##########100#0#eng#d | ||
| 005 | 20080212181606.0 | ||
| 245 | 1 | 0 | |a 4th international congress on metallocenes polymers : |b 15-16 May 1997 Singapore. |
| 246 | 3 | |a Metallocenes Asia '97 | |
| 246 | 3 | |a Proceedings of Metallocenes Asia '97 | |
| 246 | 3 | |a Proceedings of 4th international congress on metallocenes polymers | |
| 260 | |a Skillman, NJ : |b Schotland Business Research, |c 1997. | ||
| 300 | |a iv, 422 p. : |b il. ; |c 30 cm. | ||
| 111 | 2 | |a International Congress on Metallocenes Polymers |n (4th : |d 1997 : |c Singapore) | |
| 650 | 4 | |a Polímeros |x Metalocenos. | |
| 650 | 4 | |a Polymers |x Metallocences. | |
| 040 | |a AR-BbSID |b spa |c AR-BbSID | ||
| 859 | |a AR-BbSID |b BIB. PLAPIQUI |h 668.42 |i In 8 |p 4680 | ||
